000 00528nam a2200181Ia 4500
999 _c27989
_d27989
003 OSt
005 20201221105723.0
008 190216s9999||||xx |||||||||||||| ||und||
020 _a9788171306879
040 _coclc
082 _a894.8121
_bRAM/C
100 _aRamakrishnan, Desamangalam
_97711
245 0 _aChithal Varum Kaalam /
_cDesamangalam Ramakrishnan
260 _bD C Books,
_c1997.
_aKottayam:
300 _a124p
650 _aKavithkal
942 _cBK
_2ddc
_h894.8121
_iRAM/C
_k894.8121
_mRAM/C